On the desirability of coordinated supply-side intervention: does a monetary union matter?
Príspevok skúma vhodnosť koordinácie intervencie strany ponuky vo vnútri menovej únie. Nátlak na menovú a fiškálnu politiku. Mundell-Flemingov model dvoch krajín. Koordinácia politiky ponuky.
Saved in:
| Main Author: | |
|---|---|
| Format: | Book Chapter |
| Language: | English |
| Subjects: | |
| Tags: |
No Tags, Be the first to tag this record!
|
MARC
| LEADER | 00000naa$a2200000$$$4500 | ||
|---|---|---|---|
| 001 | 0012889 | ||
| 005 | 20231010095824.5 | ||
| 041 | 0 | |a eng | |
| 044 | |a CZ | ||
| 245 | 1 | 0 | |a On the desirability of coordinated supply-side intervention: does a monetary union matter? |c aut. Carmen Díaz-Roldán |
| 520 | |a Príspevok skúma vhodnosť koordinácie intervencie strany ponuky vo vnútri menovej únie. Nátlak na menovú a fiškálnu politiku. Mundell-Flemingov model dvoch krajín. Koordinácia politiky ponuky. | ||
| 610 | 2 | 0 | |a politika menová |
| 610 | 2 | 0 | |a únie menové |
| 610 | 2 | 0 | |a ekonómia strany ponuky |
| 610 | 2 | 0 | |a modely |
| 610 | 2 | 0 | |a intervencie devízové |
| 100 | 1 | |a Díaz-Roldán, Carmen | |